Mixed Latin/Greek words - Statistics

General Stats
  • This quiz has been taken 40 times
  • The average score is 4 of 12
Answer Stats
Literal meaning Word % Correct
Same sex Homosexual
85%
Water fear Aquaphobia
58%
Fat-sucking Liposuction
42%
Two marriages Bigamy
39%
One-tongued Monolingual
36%
Far-seeing Television
33%
Rock oil Petroleum
30%
Ninth angle Nonagon
18%
Flag study Vexillology
18%
Two contests Biathlon
12%
Earth standing Geostationary
9%
Four strikes Quadriplegia
3%
No matching quizzes found
Score Distribution
Percent of People with Each Score
Percentile by Number Answered
Your Score History
You have not taken this quiz